00630nam a2200193 4500001000700000003000900007005001700016007000300033008004100036020001800077100002300095245014000118260005100258300002200309490002000331710003200351830002000383852003300403136842ES-MaACL20230906195236.0t|070214s1986 sp r ||||1| spa d a84-505-3600-61 aSahagún, Felipe.13aEl mundo fue noticia b: corresponsales españoles en el extranjero : la información internacional en España / cFelipe Sahagún. aMadrid : bFundación Banco Exterior, c1986. a302 p. ; c23 cm.1 aInvestigaciones2 aFundación Banco Exterior.0 aInvestigaciones aES-MaACLjL-11252 bR.112894